000 01273nam a22003497a 4500
003 CHAP
005 20220329135120.0
008 971013s1977 r 00010 d
010 _a31165
011 _a32137
035 _a36250
040 _cCHAP
090 _aFolleto 3585
100 0 0 _aMárquez Cabrera, Fernando.
_976299
245 _aMacuspana A-75, nueva variedad de arroz para las zonas ttemporaleras de Tabasco y regiones similares del Sureste
260 _aCárdenas, Tab. :
_bColegio Superior de Agricultura Tropical,
_c1977
300 _a15 h.
_b: ilus
590 _aBATCH-UPD
_b10
_c20130109
_lUCH01
_h2329
590 _aBATCH-UPD
_b10
_c20130110
_lUCH01
_h2118
590 _aBATCH-UPD
_b10
_c20130410
_lUCH01
_h1429
590 _aBATCH-UPD
_b10
_c20130914
_lUCH01
_h0408
590 _aBATCH-UPD
_b10
_c20130914
_lUCH01
_h2124
590 _aCONVERSION
_b10
_c20130109
_lUCH01
_h1318
650 1 4 _aArroz
_xResistencia a la sequía.
_97652
650 1 4 _aArroz
_xVariedades.
_97668
700 0 _aValenzuela Carbajal, Manuel.
_9117479
901 _aBK
942 _cFOLL
949 _aFolleto 3585
_bBC
_cFOLL
_d-83640
_eTS1
_i36250
_mD
_si
949 _aFolleto 3585
_bBC
_cFOLL
_d-83641
_eTS2
_fc.2
_i36250
_si
949 _aFolleto 3585
_bBC
_cFOLL
_d-83642
_eTS2
_fc.3
_i36250
_mD
_si
999 _c31165
_d31165